000
00268nam a2200109Ia 4500
008
190216s9999||||xx |||||||||||||| ||und||
100
_a
Agasyan P K
245
0
_a
Qualitative Chemical Semi Micro Analysis
260
_b
Mir Pubs Moscow
650
_a
Chemistry
942
_c
BK
999
_c
2097
_d
2097